00686cam a2200217Ia 4500020001800000020001500018040001000033082002600043100002100069245010400090250001100194260004100205300006400246650002500310650002400335650002200359650002900381650001800410650001900428700002100447 a9784333020737 a4333020735 cBTCTA04a333 KOS 2006 A018 Or.1 aMiyawaki, Akira,14aThe healing power of forests :bthe philosophy behind restoring Earth's balance with native trees / a1st ed aTokyo :bKosei Publishing Co.,c2006 a286 p., [8] p. of plates :bill. (some col.), maps ;c21 cm 0aForests and forestry 0aForest conservation 0aForest management 0aEnvironmental protection 0aReforestation 0aEndemic plants1 aBox, Elgene Owen